| 000 | 00890nam a2200229Ia 4500 | ||
|---|---|---|---|
| 001 | 16528 | ||
| 003 | GE_BSU | ||
| 008 | 181216s||||||||xx |||||||||||||| ||und|| | ||
| 020 | _a978-9941-0-1795-7 | ||
| 040 | _cGE_BSU | ||
| 080 | _a51(075.4)+514(075.4) | ||
| 100 | _aბეჟან ღვაბერიძე, ფრიდონ დვალიშვილი, ალექსანდრე მოსიძე [და სხვ | ||
| 245 | _aმათემატიკა : გეომეტრია | ||
| 245 | _bსაატესტატო და ეროვნული გამოცდებისათვის | ||
| 245 | _cრედ. ნ. ქალდანი. | ||
| 260 | _aთბილისი | ||
| 260 | _c2014 | ||
| 300 | _a384გვ.27სმ. | ||
| 541 | _h15ლ. | ||
| 653 | _aმათემატიკა : გეომეტრია | ||
| 942 | _cBK | ||
| 999 |
_c49596 _d49596 |
||